Combating managerial obsolescence (Record no. 79474)
[ view plain ]
| 000 -LEADER | |
|---|---|
| fixed length control field | 00755nam a2200181 a 4500 |
| 008 - FIXED-LENGTH DATA ELEMENTS--GENERAL INFORMATION | |
| fixed length control field | 120416s1980 ||||||||||||||||| || u |
| 020 ## - INTERNATIONAL STANDARD BOOK NUMBER | |
| International Standard Book Number | 0860035093 |
| 050 ## - LIBRARY OF CONGRESS CALL NUMBER | |
| Classification number | HF 5549.5.T7 Jon |
| 100 ## - MAIN ENTRY--PERSONAL NAME | |
| Personal name | Jones, Andrew N |
| 245 10 - TITLE STATEMENT | |
| Title | Combating managerial obsolescence |
| 260 ## - PUBLICATION, DISTRIBUTION, ETC. | |
| Place of publication, distribution, etc. | oxford: |
| Name of publisher, distributor, etc. | Philip Allan |
| Date of publication, distribution, etc. | 1980 |
| 300 ## - PHYSICAL DESCRIPTION | |
| Extent | xii, 176p. : ill. |
| 350 ## - | |
| -- | 0.00 |
| 650 #0 - SUBJECT ADDED ENTRY--TOPICAL TERM | |
| Topical term or geographic name entry element | ORGANIZATIONAL CHANGE |
| 650 ## - SUBJECT ADDED ENTRY--TOPICAL TERM | |
| Topical term or geographic name entry element | EXECUTIVES--TRAINING OF |
| 995 ## - | |
| -- | ANNEX COLLECTION (Main Library) |
| -- | 0.00 |
| -- | 708249 |
| -- | CBU-MAIN LIBRARY (Kitwe) |
| -- | 1 |
| -- | 10.95 |
| -- | HF 5549.5.T7 Jon |
| -- | AVAILABLE |
| -- | 005393 |
| -- | Annex Low-Usage Collection |
| 995 ## - | |
| -- | ANNEX COLLECTION (Main Library) |
| -- | 0.00 |
| -- | 708250 |
| -- | CBU-MAIN LIBRARY (Kitwe) |
| -- | 2 |
| -- | 10.95 |
| -- | HF 5549.5.T7 Jon |
| -- | AVAILABLE |
| -- | 005392 |
| -- | Annex Low-Usage Collection |
| 999 ## - | |
| -- | 79474 |
| -- | 79474 |
| Withdrawn status | Lost status | Source of classification or shelving scheme | Damaged status | Not for loan | Permanent Location | Current Location | Shelving location | Date acquired | Total Checkouts | Full call number | Barcode | Date last seen | Copy number | Price effective from | Koha item type |
|---|---|---|---|---|---|---|---|---|---|---|---|---|---|---|---|
| CBU-MAIN LIBRARY, KITWE. | CBU-MAIN LIBRARY, KITWE. | 06/29/2023 | HF 5549.5.T7 Jon | 005393 | 06/29/2023 | 1 | 06/29/2023 | MONOGRAPH | |||||||
| CBU-MAIN LIBRARY, KITWE. | CBU-MAIN LIBRARY, KITWE. | 06/29/2023 | HF 5549.5.T7 Jon | 005392 | 06/29/2023 | 2 | 06/29/2023 | MONOGRAPH |